000 00972nam a22002777a 4500
001 BR8702314
003 BR-BrBNA
005 20230928092451.0
007 ta
008 230509b bl.||||| |||| 00| 0 por d
040 _aBR-BrBNA
_bpor
_cBiblioteca Nacional de Agricultura
041 _a(Por)
072 _aF03
_b3575
_b0336
_b/G514
090 _ 3575 BR8702314
100 1 _aLin, S.S.
110 1 _aUniversidade Federal de Santa Catarina, Florianopolis (Brasil)
245 1 _aEfeito do Ambiente no Rendimento e Qualidade da Semente de Soja (Glycine max (L.)Merril)[Brasil]
260 3 _aFlorianopolis, SC (Brasil):
_c1980.
300 _a65 p.
500 _a13 tables; Bibliography p. 56-62 (50 ref.). (*) Documento disponível na(o) Universidade Federal de Santa Catarina, Florianopolis (Brazil). Centro de Ciencias Agrarias
650 _aTESTE DE SEMENTES
650 _aSOJA
650 _aGERMINACAO
909 _a202309
_bLucia
_c55
_dLucia Elande
942 _cBK
999 _c39238
_d39238